Nodos y nudos (Record no. 208643)
[ view plain ]
| 000 -CABECERA | |
|---|---|
| campo de control de longitud fija | 01235nam a2200229 4500 |
| 005 - FECHA Y HORA DE LA ÚLTIMA TRANSACCIÓN | |
| campo de control | 20241015105246.0 |
| 006 - ELEMENTOS DE LONGITUD FIJA – CARACTERÍSTICAS DE MATERIALES ADICIONALES – INFORMACIÓN GENERAL | |
| campo de control de longitud fija | s|||||o|||| 00| 0 |
| 008 - ELEMENTOS DE LONGITUD FIJA--INFORMACIÓN GENERAL | |
| campo de control de longitud fija | 220616c1995 cl fr|p|o|||| 00| 0 spa d |
| 022 ## - NÚMERO INTERNACIONAL NORMALIZADO PARA PUBLICACIONES SERIADAS | |
| Número Internacional Normalizado para Publicaciones Seriadas | 2619-6069 |
| 040 ## - FUENTE DE LA CATALOGACIÓN | |
| Centro catalogador/agencia de origen | MX-MxUPN |
| Lengua de catalogación | spa |
| Centro/agencia transcriptor | MX-MxUPN |
| Normas de descripción | aacr2 |
| 245 ## - MENCIÓN DE TÍTULO | |
| Título | Nodos y nudos |
| Medio | [recurso electrónico en línea] |
| 260 ## - PUBLICACIÓN, DISTRIBUCIÓN, ETC. | |
| Lugar de publicación, distribución, etc. | Bogotá : |
| Nombre del editor, distribuidor, etc. | Universidad Pedagógica Nacional, |
| Fecha de publicación, distribución, etc. | 1995 - |
| 310 ## - FRECUENCIA ACTUAL DE LA PUBLICACION | |
| Periodicidad actual | Semestral |
| 506 0# - NOTA DE RESTRICCIONES AL ACCESO | |
| Limitaciones de acceso | Acceso abierto. |
| 520 2# - NOTA DE RESUMEN, ETC. | |
| Sumario, etc. | "La revista Nodos y Nudos es una publicación que prioriza las escrituras de los maestros sobre sus propias prácticas y trabajos investigativos, con el objetivo de contribuir al fortalecimiento de comunidades de saber pedagógico. Con este fin, dispone también sus páginas, a través de distintas secciones, para la publicación de trayectorias y experiencias de colectivos y redes, así como de estudios relacionados con el maestro, su formación, la escuela, o las políticas educativas, tanto en el ámbito nacional como internacional". |
| 650 #4 - ASIENTO SECUNDARIO DE MATERIA - TERMINO TEMATICO | |
| Término de materia o nombre geográfico como elemento de entrada | Educación y Estado |
| 9 (RLIN) | 19 |
| 650 #4 - ASIENTO SECUNDARIO DE MATERIA - TERMINO TEMATICO | |
| Término de materia o nombre geográfico como elemento de entrada | Educación |
| Subdivisión general | Investigación |
| 9 (RLIN) | 4070 |
| 653 ## - TERMINO DE INDIZACION - NO CONTROLADO | |
| Término no controlado | Práctica docente |
| 653 ## - TERMINO DE INDIZACION - NO CONTROLADO | |
| Término no controlado | Prácticas educativas |
| 856 4# - LOCALIZACIÓN Y ACCESO ELECTRÓNICOS | |
| Identificador Uniforme del Recurso | <a href="https://revistas.upn.edu.co/index.php/NYN">https://revistas.upn.edu.co/index.php/NYN</a> |
| 942 ## - ELEMENTOS DE PUNTO DE ACCESO ADICIONAL (KOHA) | |
| Tipo de ítem Koha | Revista Electrónica |
| Estado de retiro | Estado de pérdida | Estado dañado | No para préstamo | Código de colección | Localización permanente | Ubicación/localización actual | Ubicación en estantería | Fecha de adquisición | Fecha visto por última vez | Identificador Uniforme del Recurso | Tipo de ítem Koha |
|---|---|---|---|---|---|---|---|---|---|---|---|
| Acceso abierto | Bib. Gregorio Torres Quintero | Bib. Gregorio Torres Quintero | En línea | 16/06/2022 | 16/06/2022 | https://revistas.unc.edu.ar/index.php/REM | Revista Electrónica |
